000 01130nam0a22002531 4500
001 rc\789823
005 20040301143538.8
035 _a(NLR Aleph) 006325067
090 _a7486955
_c7486955
100 _a20040301d1984 u |0rusy50 ca
101 0 _arus
102 _aRU
105 _ay |||||||||
200 1 _aДИДАКТИЧЕСКИЙ материал по русскому языку для студентов-историков
_f[Сост.: Рахимова Г.Д., Рахимова Н.А., Сайфеев М.А., Сакиева Д.А.]
_gМ-во высш. и сред. спец. образования ТССР, Туркм. гос. пед. ин-т им. В.И. Ленина
210 _aАшхабад
_cБ. и.
_d1984 (обл. 1985)
215 _a51 с.
_d20
320 _aБиблиогр. в тексте
702 1 _aРахимова
_bГ. Д.
_gГалина Денисовна
_4220
712 0 2 _aТуркменский пед. ин-т им. В.И.Ленина
_cЧарджоу
_3RU\NLR\AUTH\889932297
801 0 _aRU
_bNLR
_gpsbo
801 1 _aRU
_bELAR
_2rusmarc
852 _aNLR
_j87-4/12250
942 _cBOOK
980 _aNB